000 00214 a2200097 4500
001 35924
100 _aYoshikawa H
245 _aDesign Theory for CAD
260 _aNorth Hol
_bAmsterdam
_c
090 _c23474
_d23474
942 _aNUST-CAE
_cM
_c14974
999 _c270997
_d270997